000 00497nam a2200181Ia 4500
999 _c13709
_d13709
003 OSt
005 20210312143051.0
008 190216s9999||||xx |||||||||||||| ||und||
020 _a8124200211
040 _coclc
082 _a813.52
_bHEN/S
100 _aHenry, O
_95484
245 4 _aSelected Stories /
_cO Henry
260 _bCrest Publishing House,
_c1993.
_aNew Delhi:
300 _a416p
650 _aEnglish Novel
942 _cBK
_2ddc
_h813.52
_iHEN/S
_k813.52
_mHEN/S